000 00574nam a2200229Ia 4500
003 OSt
005 20220924151003.0
006 a|||||r|||| 00| 0
007 ta
008 220923b |||||||| |||| 00| 0 tel d
024 _a335489
037 _cTextual
040 _aARTS
_cARTS
_btel
041 _2tel
_atel
082 _aO35,3NANA,38, P0
100 _aC. Anandaramam
_9222914
245 0 _aEntenta duram
260 _c2000
650 _aTELUGU FICTION
942 _hO35,3NANA,38, P0
_cTEXL
_2CC
999 _c465194
_d465194